[Event "European Blitz 2017"]
[Site "Katowice POL"]
[Date "2017.12.15"]
[Round "11.23"]
[White "Saric, Ante"]
[Black "Wiewiora, Eneasz"]
[Result "1-0"]
[WhiteTitle "GM"]
[BlackTitle "FM"]
[WhiteElo "2540"]
[BlackElo "2320"]
[WhiteFideId "14506254"]
[BlackFideId "1140396"]
[EventDate "2017.12.15"]
[EventType "blitz"]

1. Nf3 Nf6 2. g3 d5 3. Bg2 Bg4 4. O-O c6 5. d4 Nbd7 6. Nbd2 e6 7. Re1 Be7 8. e4
dxe4 9. Nxe4 Nxe4 10. Rxe4 Nf6 11. Re1 O-O 12. c3 c5 13. Qb3 Qb6 14. Ne5 cxd4
15. Qxb6 axb6 16. Bxb7 Ra7 17. Bg2 dxc3 18. Nc6 cxb2 19. Bxb2 Rc7 20. Nxe7+ Rxe7
21. Ba3 Rd7 22. Bxf8 Kxf8 23. Reb1 Rd6 24. Rb4 Be2 25. Rab1 Nd7 26. R4b2 Bc4 27.
Bf1 Bxf1 28. Kxf1 Ke7 29. Ke2 Rc6 30. Kd1 Kd6 31. Rd2+ Kc7 32. Rc1 Nc5 33. Ke2
e5 34. Rcd1 Kb7 35. Rd8 Rc7 36. Rh8 h6 37. Rdd8 Ne6 38. Rb8+ Ka6 39. Rhc8 Rd7
40. a4 Nc5 41. Ra8+ Kb7 42. a5 Rd5 43. Rcb8+ Kc7 44. axb6+ Kc6 45. Ra7 Nd7 46.
Rc7+ Kd6 47. Rd8 Ke7 48. b7 Kxd8 49. Rxd7+ Kxd7 50. b8=Q Ke7 51. Qc7+ Ke6 52.
Ke3 Rd7 53. Qc6+ Ke7 54. Qc5+ Ke6 55. g4 f6 56. Qc4+ Ke7 57. Qg8 Kd6 58. Ke4 Kc7
59. h3 Kd6 60. Kf5 Kc6 61. Qe8 Kd6 62. Qe6+ Kc7 63. Kg6 Kd8 64. h4 Re7 65. Qg8+
Kd7 66. f3 Kd6 67. Qf8 Ke6 68. h5 Rd7 69. Qe8+ Re7 70. Qc6# 1-0

[Event "European Blitz 2017"]
[Site "Katowice POL"]
[Date "2017.12.15"]
[Round "11.24"]
[White "Ponkratov, Pavel"]
[Black "Vykouk, Jan"]
[Result "1-0"]
[WhiteTitle "GM"]
[BlackTitle "FM"]
[WhiteElo "2613"]
[BlackElo "2435"]
[WhiteFideId "4157800"]
[BlackFideId "349658"]
[EventDate "2017.12.15"]
[EventType "blitz"]

1. e4 c5 2. Nf3 Nc6 3. Bb5 d6 4. O-O Bd7 5. c3 Nf6 6. Re1 e6 7. d4 cxd4 8. cxd4
d5 9. e5 Ng8 10. Nc3 Nge7 11. Bd3 a6 12. h4 Qb6 13. Na4 Qc7 14. h5 g6 15. Bg5
Rg8 16. hxg6 Nxg6 17. Rc1 h6 18. Be3 O-O-O 19. Nc5 Bxc5 20. Rxc5 Kb8 21. b4 Qb6
22. b5 Nb4 23. bxa6 Nxd3 24. Qxd3 Qxa6 25. Qxa6 bxa6 26. Rb1+ Ka8 27. Rc7 Bb5
28. Rxf7 Rdf8 29. Rxf8+ Rxf8 30. Bxh6 Rc8 31. Be3 Rc2 32. a4 Bxa4 33. Ng5 Bd7
34. Rb6 Ka7 35. Rd6 Nf8 36. Nxe6 Bxe6 37. Bh6 Rc7 38. Bxf8 Bd7 39. e6 Bb5 40.
Rxd5 Bc4 41. Re5 Bb5 42. Bc5+ Kb7 43. g4 a5 44. Bd6 Rc1+ 45. Kh2 Bc6 46. d5 Be8
47. f4 a4 48. f5 Rc2+ 49. Kg3 Bb5 50. Kf4 1-0

[Event "European Blitz 2017"]
[Site "Katowice POL"]
[Date "2017.12.15"]
[Round "11.26"]
[White "Mikrut, Dariusz"]
[Black "Demidov, Mikhail"]
[Result "1/2-1/2"]
[WhiteTitle "IM"]
[BlackTitle "IM"]
[WhiteElo "2375"]
[BlackElo "2523"]
[WhiteFideId "1112791"]
[BlackFideId "4197143"]
[EventDate "2017.12.15"]
[EventType "blitz"]

1. d4 e6 2. Nf3 Nf6 3. c4 Bb4+ 4. Nbd2 O-O 5. e3 d6 6. Bd3 Qe7 7. O-O e5 8. a3
Bxd2 9. Nxd2 Re8 10. b3 c6 11. dxe5 dxe5 12. Bb2 a5 13. f3 Na6 14. Ne4 Nxe4 15.
Bxe4 Nc5 16. Bc2 f6 17. Bc3 Be6 18. Qb1 h6 19. b4 Nd7 20. c5 axb4 21. axb4 Nf8
22. Qb2 Red8 23. Rxa8 Rxa8 24. Ra1 Rxa1+ 25. Qxa1 Qd7 26. Qd1 Qxd1+ 27. Bxd1 Kf7
28. e4 Ke7 29. Kf2 Bc4 30. Ke3 Ne6 31. g3 g5 32. Be2 Bxe2 33. Kxe2 Nc7 34. Kd3
Ke6 35. Bd2 Nb5 36. Bc3 h5 37. g4 hxg4 38. fxg4 Nc7 39. Bd2 Ne8 40. Be1 Kd7 41.
Ke3 Ng7 42. h4 gxh4 43. Bxh4 Ke6 44. g5 f5 45. g6 fxe4 46. Kxe4 Nf5 47. Bg5 Ng7
48. Bd2 Ne8 49. Bg5 Ng7 50. Bh6 Ne8 51. Bg5 Ng7 52. Bh6 Nh5 53. Bg5 Ng3+ 54. Kf3
Nf5 55. Ke4 Ng3+ 1/2-1/2

[Event "European Blitz 2017"]
[Site "Katowice POL"]
[Date "2017.12.15"]
[Round "11.27"]
[White "Hracek, Zbynek"]
[Black "Sadzikowski, Daniel"]
[Result "0-1"]
[WhiteTitle "GM"]
[BlackTitle "GM"]
[WhiteElo "2592"]
[BlackElo "2584"]
[WhiteFideId "300071"]
[BlackFideId "1132253"]
[EventDate "2017.12.15"]
[EventType "blitz"]

1. d4 Nf6 2. Bf4 e6 3. e3 c5 4. c3 Nc6 5. Nd2 d5 6. Ngf3 Be7 7. Bd3 Nh5 8. Be5
O-O 9. Bg3 Nxg3 10. hxg3 h6 11. g4 cxd4 12. exd4 Bf6 13. Rh5 Re8 14. Qe2 e5 15.
Nxe5 Bxe5 16. dxe5 g6 17. Qe3 Bxg4 18. Rxh6 Rxe5 19. Ne4 dxe4 20. Bc4 Kg7 21.
Kf1 Qf6 22. Re1 Rh5 23. Rxh5 Bxh5 24. Qxe4 Qf5 25. Qe3 Rd8 26. Kg1 g5 27. Bb3
Bg6 28. Ba4 Qf6 29. Bxc6 bxc6 30. Qxa7 Rd2 31. b4 Qxc3 32. a3 Ra2 33. Rd1 Rxa3
34. Qb8 Ra1 35. Rxa1 Qxa1+ 36. Kh2 Qd4 37. Kg1 Qd1+ 38. Kh2 Qh5+ 39. Kg1 Qd1+
40. Kh2 Qd5 41. Qb6 Bf5 42. Kg1 Be6 43. Kh2 Qe5+ 44. Kg1 Bd5 45. Qc5 Qe4 46. f3
Qe1+ 47. Kh2 Qh4+ 48. Kg1 Qf4 49. Qc3+ Qf6 50. Qc5 g4 51. fxg4 Qa1+ 52. Kh2 Qe5+
53. Kg1 Qf4 54. Qc3+ Kg8 55. Qe1 Qxg4 56. Qd2 Qxg2+ 57. Qxg2+ Bxg2 58. Kxg2 f5
59. Kf3 Kf7 60. Ke3 Ke6 61. Kd4 Kd6 62. Kc4 Ke5 63. Kc5 f4 64. Kxc6 f3 65. b5 f2
66. b6 f1=Q 67. b7 Qc4+ 68. Kd7 Qd5+ 69. Kc7 Qc5+ 70. Kd7 Qb6 71. Kc8 Qc6+ 0-1

[Event "European Blitz 2017"]
[Site "Katowice POL"]
[Date "2017.12.15"]
[Round "11.28"]
[White "Saraci, Nderim"]
[Black "Bosiocic, Marin"]
[Result "1/2-1/2"]
[WhiteTitle "FM"]
[BlackTitle "GM"]
[WhiteElo "2398"]
[BlackElo "2624"]
[WhiteFideId "6351921"]
[BlackFideId "14507927"]
[EventDate "2017.12.15"]
[EventType "blitz"]

1. d4 d5 2. c4 e6 3. Nf3 a6 4. cxd5 exd5 5. Nc3 c6 6. Bf4 Nf6 7. e3 Be7 8. Bd3
O-O 9. O-O Bg4 10. h3 Bh5 11. Re1 Nbd7 12. Rc1 Re8 13. Be2 Bxf3 14. Bxf3 Nf8 15.
Qb3 Ra7 16. Na4 Ne6 17. Be5 Nd7 18. Bg3 b5 19. Nc3 Nb6 20. Qc2 Bb4 21. a3 Bf8
22. Bg4 g6 23. Na2 h5 24. Be2 c5 25. dxc5 Nxc5 26. Nb4 Qf6 27. Bf3 Rd7 28. Red1
Red8 29. Nd3 Nxd3 30. Rxd3 Nc4 31. b4 d4 32. Rcd1 Bg7 33. a4 Qb6 34. axb5 axb5
35. Be2 Bf6 36. Bf4 Qa7 37. exd4 Bxd4 38. Bg3 Nb2 39. Rxd4 Rxd4 40. Rxd4 Qxd4
41. Bxb5 Nd3 42. Bxd3 Qxd3 43. Qxd3 Rxd3 44. Bc7 Rb3 45. Bd6 f6 46. Bc5 Kf7 47.
g3 Ke6 48. Kg2 Kf5 49. Be7 g5 50. Bc5 g4 51. hxg4+ hxg4 52. Be7 Ke6 53. Bc5 f5
54. Kf1 Rb2 55. Kg2 Kd5 56. Be7 Ke4 57. Bd6 Kd3 58. Kf1 Rb1+ 59. Kg2 Ke2 60. Bc5
Rb2 61. Bd6 Kd1 62. Kf1 Ra2 63. Bc5 Rb2 64. Bd6 Rb1 65. Bc5 Kd2+ 66. Kg2 Ke2 67.
Bd6 Rb2 68. Bc5 Rb3 69. Be7 Kd3 70. Kf1 Ke4 71. Kg2 Rd3 72. Bc5 Rb3 73. Bd6 Rb2
74. Bc5 Kd5 75. Be7 Kc4 76. Bd6 Kd3 77. Bc5 Rb3 78. Kf1 Kc4 79. Be7 Rb1+ 80. Kg2
Kd5 81. Bc5 Ke4 82. Bd6 Rb2 83. Bc5 f4 84. gxf4 Kxf4 85. Bd6+ Kf5 86. Kg3 Rb3+
87. Kg2 Rd3 88. Bc5 Rd5 89. Be3 Rb5 90. Bc5 Rb7 91. Kg3 Rd7 92. Be3 Rd3 93. b5
Rb3 94. b6 Rb5 95. Bd4 Rb4 96. Bc5 Rb3+ 97. Be3 Rb5 98. Bd4 Kg5 99. Be3+ Kh5
100. Kf4 Kh4 101. Ke4 g3 102. fxg3+ 1/2-1/2

[Event "European Blitz 2017"]
[Site "Katowice POL"]
[Date "2017.12.15"]
[Round "11.29"]
[White "Bartel, Michal"]
[Black "Klekowski, Maciej"]
[Result "0-1"]
[WhiteTitle "FM"]
[BlackTitle "IM"]
[WhiteElo "2360"]
[BlackElo "2498"]
[WhiteFideId "1119257"]
[BlackFideId "1132717"]
[EventDate "2017.12.15"]
[EventType "blitz"]

1. e4 c5 2. Ne2 Nc6 3. g3 e5 4. Bg2 g6 5. Nbc3 Bg7 6. Nd5 Nge7 7. Nec3 O-O 8. d3
h6 9. O-O d6 10. Be3 Kh7 11. Nxe7 Nxe7 12. f4 Be6 13. Qd2 Rc8 14. Rae1 Qd7 15.
b3 b6 16. a4 Rce8 17. Rf2 exf4 18. Rxf4 g5 19. Rf2 d5 20. exd5 Nxd5 21. Nxd5
Bxd5 22. Bxd5 Qxd5 23. Rfe2 Rxe3 24. Rxe3 Bd4 25. Qg2 Qe5 26. Qe4+ Qxe4 27. dxe4
Rd8 28. Kf1 Bxe3 29. Rxe3 Rd1+ 30. Kf2 Kg6 31. Rd3 Rc1 32. Rd2 Kf6 33. Ke3 Ke6
34. Kf3 h5 35. Ke3 f6 36. Kf3 Re1 37. Rd8 g4+ 38. Kf4 Re2 39. Re8+ Kf7 40. Ra8
Rxh2 41. Rxa7+ Kg6 42. Rb7 Rf2+ 43. Ke3 Rf3+ 44. Ke2 Rxg3 45. Rxb6 h4 46. e5 h3
47. Rxf6+ Kg7 48. Rf1 h2 49. Rh1 Rg2+ 50. Ke3 g3 0-1

[Event "European Blitz 2017"]
[Site "Katowice POL"]
[Date "2017.12.15"]
[Round "11.30"]
[White "Trent, Lawrence"]
[Black "Horton, Andrew P"]
[Result "1/2-1/2"]
[WhiteTitle "IM"]
[BlackTitle "FM"]
[WhiteElo "2436"]
[BlackElo "2397"]
[WhiteFideId "408638"]
[BlackFideId "424269"]
[EventDate "2017.12.15"]
[EventType "blitz"]

1. e4 e5 2. Nf3 Nc6 3. Bc4 Bc5 4. c3 Nf6 5. d4 exd4 6. cxd4 Bb4+ 7. Bd2 Bxd2+ 8.
Nbxd2 d5 9. exd5 Nxd5 10. O-O O-O 11. Ne4 Bg4 12. h3 Bxf3 13. Qxf3 Nxd4 14. Qd3
Nf4 15. Qe3 Nde6 16. Rad1 Qe7 17. Kh2 b6 18. g3 Ng6 19. f4 Nc5 20. Rfe1 Nxe4 21.
Qxe4 Qxe4 22. Rxe4 Rfe8 23. Rxe8+ Rxe8 24. Rd7 Re7 25. Rd8+ Nf8 26. Ra8 a5 27.
b3 g6 28. Kg2 Kg7 29. Rc8 h5 30. a4 Nh7 31. Rd8 Nf6 32. Kf3 Ne4 33. Rd4 Nd6 34.
Bd3 Kf6 35. g4 hxg4+ 36. hxg4 Re8 37. Rd5 Rh8 38. Kg3 Rh1 39. Be2 Rb1 40. Rd3
Rc1 41. Kf3 Rc5 42. Bf1 g5 43. Rd4 Rc3+ 44. Rd3 Rxd3+ 45. Bxd3 Nc8 46. Ke4 gxf4
47. Kxf4 Nd6 48. g5+ Ke6 49. Be2 Ke7 50. Ke5 Nb7 51. Kd5 Nc5 52. Bc4 Ne6 53. Kc6
Kd8 54. g6 Nd4+ 55. Kd5 fxg6 56. Kxd4 Kd7 57. Ke5 Kc6 58. Kd4 Kd6 59. Bd3 g5 60.
Bf5 c6 61. Bg4 b5 62. Bh3 c5+ 63. Kc3 Kc6 64. axb5+ Kxb5 65. Bf1+ Kc6 66. Kc4 g4
67. Bg2+ Kb6 68. Bd5 g3 69. Bg2 a4 70. bxa4 Ka5 1/2-1/2

[Event "European Blitz 2017"]
[Site "Katowice POL"]
[Date "2017.12.15"]
[Round "11.31"]
[White "Heinzel, Olaf"]
[Black "Castellanos Rodriguez, Renier"]
[Result "0-1"]
[WhiteTitle "IM"]
[BlackTitle "IM"]
[WhiteElo "2360"]
[BlackElo "2501"]
[WhiteFideId "4626664"]
[BlackFideId "3404650"]
[EventDate "2017.12.15"]
[EventType "blitz"]

1. d4 Nf6 2. Bf4 c5 3. e3 Qb6 4. Nc3 d6 5. Nf3 Nbd7 6. Be2 a6 7. O-O Qxb2 8. Qd2
Qb4 9. Rfb1 Qa5 10. a4 h6 11. h3 g5 12. Bh2 Bg7 13. Qd3 O-O 14. Nd2 Qc7 15. a5
Rb8 16. Nc4 b5 17. axb6 Nxb6 18. dxc5 Nxc4 19. Rxb8 Qxb8 20. Qxc4 Be6 21. Qxa6
Qb4 22. Qa5 dxc5 23. Qxb4 cxb4 24. Nb5 Rc8 25. Bd3 Bc4 26. Rb1 Bxd3 27. cxd3 Nd5
28. Bg3 h5 29. h4 Rc5 30. Na7 Ra5 31. Nc6 Ra1 32. Rxa1 Bxa1 33. e4 b3 0-1

[Event "European Blitz 2017"]
[Site "Katowice POL"]
[Date "2017.12.15"]
[Round "11.32"]
[White "Gajewski, Grzegorz"]
[Black "Kyc, Jerzy"]
[Result "1-0"]
[WhiteTitle "GM"]
[WhiteElo "2601"]
[BlackElo "2265"]
[WhiteFideId "1116207"]
[BlackFideId "1163922"]
[EventDate "2017.12.15"]
[EventType "blitz"]

1. c4 Nf6 2. Nc3 g6 3. e4 d6 4. d4 Bg7 5. Nf3 O-O 6. Be2 Bg4 7. Be3 Nbd7 8. O-O
Bxf3 9. Bxf3 e5 10. d5 a5 11. a3 Ne8 12. b4 f5 13. Rb1 b6 14. c5 axb4 15. axb4
f4 16. Bd2 dxc5 17. Bg4 cxb4 18. Nb5 Ra5 19. Be6+ Kh8 20. Bxb4 Rxb5 21. Bxf8
Rxb1 22. Bxg7+ Nxg7 23. Qxb1 Nc5 24. Bh3 h5 25. Rd1 g5 26. Be6 Qe8 27. Bf5 Nxf5
28. exf5 e4 29. Qb2+ Kh7 30. Qf6 e3 31. d6 e2 32. Re1 cxd6 33. Qxd6 Qe4 34. Qg6+
Kh8 35. Qh6+ Kg8 36. Qxg5+ Kf8 37. Qf6+ Kg8 38. Qg6+ Kf8 39. Qxh5 Nd3 40. Qxe2
Qxf5 41. Qe8+ Kg7 42. Re7+ Kh6 43. Qh8+ 1-0

[Event "European Blitz 2017"]
[Site "Katowice POL"]
[Date "2017.12.15"]
[Round "11.33"]
[White "Janaszak, Dawid"]
[Black "Olszewski, Michal"]
[Result "0-1"]
[WhiteTitle "FM"]
[BlackTitle "GM"]
[WhiteElo "2372"]
[BlackElo "2540"]
[WhiteFideId "1119206"]
[BlackFideId "1121251"]
[EventDate "2017.12.15"]
[EventType "blitz"]

1. d4 Nf6 2. Nc3 d5 3. Bf4 g6 4. Nf3 Bg7 5. e3 O-O 6. h4 h5 7. Ne5 Na6 8. Qd2 c5
9. O-O-O c4 10. f3 b5 11. Nxb5 Qb6 12. a4 Rb8 13. g4 Rb7 14. gxh5 Nxh5 15. Bh2
Nc7 16. c3 Nxb5 17. axb5 Qxb5 18. e4 Be6 19. exd5 Bxd5 20. Rg1 Qa6 21. b4 Qa1+
22. Kc2 Qa4+ 23. Kc1 a5 24. Qc2 Qb5 25. Nxg6 fxg6 26. Qxg6 Bf7 27. Qg5 Qxg5+ 28.
hxg5 axb4 29. g6 Bd5 30. Rg5 Bh6 31. f4 Bxg5 32. fxg5 bxc3 33. Kc2 Rf2+ 34. Kxc3
Rb3# 0-1

[Event "European Blitz 2017"]
[Site "Katowice POL"]
[Date "2017.12.15"]
[Round "11.34"]
[White "Stojcevski, Zoran"]
[Black "Zelcic, Robert"]
[Result "0-1"]
[WhiteTitle "FM"]
[BlackTitle "GM"]
[WhiteElo "2337"]
[BlackElo "2501"]
[WhiteFideId "15000192"]
[BlackFideId "14500310"]
[EventDate "2017.12.15"]
[EventType "blitz"]

1. e4 c6 2. d4 d5 3. Nc3 dxe4 4. Nxe4 Bf5 5. Ng3 Bg6 6. h4 h6 7. h5 Bh7 8. Nf3
e6 9. Bc4 Nf6 10. Qe2 Bd6 11. Ne5 O-O 12. O-O Qc7 13. f4 Nbd7 14. c3 c5 15. Be3
Rac8 16. Bb3 cxd4 17. Bxd4 Bc5 18. Rad1 Nxe5 19. fxe5 Nd7 20. Kh2 Bxd4 21. cxd4
Nb6 22. Ne4 Bxe4 23. Qxe4 Qc6 24. d5 exd5 25. Bxd5 Nxd5 26. Qxd5 Qb6 27. Rd3
Rcd8 28. Qf3 Rxd3 29. Qxd3 Qxb2 30. Qd5 Qb6 31. Rf3 Qe6 32. Qxe6 fxe6 33. Rb3 b6
34. Ra3 Rf5 35. g4 Rxe5 36. Rxa7 Ra5 37. Rb7 Rxa2+ 38. Kg3 Rb2 39. Kf4 Rb5 40.
Ke4 Rb4+ 41. Ke5 Rxg4 42. Kxe6 Rg5 43. Rxb6 Rxh5 44. Rb7 Rg5 45. Ra7 Kh7 46. Kf7
Rf5+ 47. Ke6 Rf1 48. Ke5 h5 49. Ke4 Kh6 50. Ke3 h4 51. Ke2 Rf8 0-1

[Event "European Blitz 2017"]
[Site "Katowice POL"]
[Date "2017.12.15"]
[Round "11.35"]
[White "Kislinsky, Alexey"]
[Black "Ondrus, Martin"]
[Result "1-0"]
[WhiteTitle "GM"]
[WhiteElo "2513"]
[BlackElo "2261"]
[WhiteFideId "14108801"]
[BlackFideId "14913330"]
[EventDate "2017.12.15"]
[EventType "blitz"]

1. e4 c5 2. c3 Nf6 3. e5 Nd5 4. Bc4 Nb6 5. Bb3 Nc6 6. Nf3 c4 7. Bc2 g5 8. Nxg5
Nxe5 9. Nxh7 Bg7 10. Ng5 d5 11. d4 cxd3 12. Bxd3 Nxd3+ 13. Qxd3 e5 14. Qg3 Qf6
15. Na3 Bd7 16. Nf3 Qg6 17. Qxg6 fxg6 18. Bg5 e4 19. Nd4 Bxd4 20. cxd4 Rc8 21.
O-O Nc4 22. Nxc4 Rxc4 23. b3 Rc2 24. Rfc1 Rxc1+ 25. Rxc1 Bc6 26. f4 exf3 27.
gxf3 Kf7 28. h4 Rc8 29. Rc5 b6 30. Rc2 Bd7 31. Rd2 Bf5 32. Bf4 Rc2 33. Rxc2 Bxc2
34. b4 b5 35. Kf2 a6 36. Kg3 Bf5 37. Be5 Ke6 38. Kf4 Bd3 39. Kg5 Bb1 40. a3 Bc2
41. f4 Bb1 42. Kh6 Bc2 43. Kg5 Bb1 44. Kh6 Bc2 45. Kg7 Ke7 46. Bf6+ Ke6 47. Bg5
Bb1 48. Kf8 Bc2 49. Ke8 Bb1 50. Kd8 Kd6 51. Bf6 Bc2 52. Be5+ Ke6 53. Kc7 Bb1 54.
Kb6 Bd3 55. Kxa6 Kf5 56. Kb6 Kg4 57. Ka5 Kxh4 58. a4 bxa4 59. Kxa4 Kg4 60. b5
Kf5 61. Ka5 Ke6 62. b6 Kd7 63. b7 1-0

[Event "European Blitz 2017"]
[Site "Katowice POL"]
[Date "2017.12.15"]
[Round "11.36"]
[White "Schulz, Karsten"]
[Black "Fedorchuk, Sergey A."]
[Result "0-1"]
[WhiteTitle "FM"]
[BlackTitle "GM"]
[WhiteElo "2293"]
[BlackElo "2648"]
[WhiteFideId "4611446"]
[BlackFideId "14102536"]
[EventDate "2017.12.15"]
[EventType "blitz"]

1. Nf3 Nf6 2. g3 b5 3. Bg2 Bb7 4. Na3 b4 5. Nc4 c5 6. O-O e6 7. b3 Be7 8. Bb2
O-O 9. d3 d5 10. Nce5 a5 11. a3 bxa3 12. Bxa3 a4 13. bxa4 Rxa4 14. Bb2 Ra6 15.
e3 Qc7 16. Qe2 h6 17. c4 dxc4 18. Nxc4 Nc6 19. Nfe5 Rxa1 20. Rxa1 Rd8 21. Nxc6
Bxc6 22. Bc3 Bxg2 23. Kxg2 Qb7+ 24. Kg1 Nd5 25. Bb2 Bf6 26. Bxf6 Nxf6 27. Rd1
Nd5 28. Qb2 Qa6 29. Ne5 Nf6 30. Qc3 Qd6 31. Nc4 Qd5 32. Ne5 Ne4 33. Qb2 Ng5 34.
d4 Nh3+ 35. Kf1 Qh1+ 36. Ke2 Qxh2 37. Rf1 cxd4 38. exd4 Ng5 39. Qb6 Rf8 40. Nf3
Qh5 41. Qc6 Qg4 42. Ke3 Rb8 43. Nxg5 Rb3+ 44. Kd2 Qxd4+ 45. Ke2 Qd3+ 0-1

[Event "European Blitz 2017"]
[Site "Katowice POL"]
[Date "2017.12.15"]
[Round "11.37"]
[White "Lewtak, Damian"]
[Black "Ladva, Ottomar"]
[Result "1-0"]
[BlackTitle "GM"]
[WhiteElo "2358"]
[BlackElo "2522"]
[WhiteFideId "1141724"]
[BlackFideId "4500024"]
[EventDate "2017.12.15"]
[EventType "blitz"]

1. e4 c5 2. Nf3 e6 3. d3 Nc6 4. g3 g6 5. Bg2 Bg7 6. O-O Nge7 7. c3 d5 8. Qe2 O-O
9. Rd1 e5 10. exd5 Nxd5 11. Nbd2 Re8 12. Nc4 Bf5 13. Ne3 Be6 14. h4 h6 15. Qc2
b6 16. a3 a5 17. a4 Nxe3 18. Bxe3 Bd5 19. Qe2 Qd7 20. Nd2 Rad8 21. Nc4 Qc7 22.
Bh3 Kh7 23. h5 Rf8 24. Bg4 Kh8 25. Bf3 Be6 26. hxg6 fxg6 27. Be4 Ne7 28. Kg2 Bf5
29. Rh1 Ng8 30. Rh4 Bxe4+ 31. dxe4 Bf6 32. Rh3 Kg7 33. Rah1 g5 34. Qg4 Rb8 35.
Bc1 Qc8 36. Qe2 Qe6 37. Ne3 Be7 38. g4 Rf7 39. Nf5+ Rxf5 40. gxf5 Qc6 41. Qc4
Rd8 42. Be3 Rf8 43. Rd1 Rxf5 44. Qd5 Rf6 45. Qxc6 Rxc6 46. Rd7 Kg6 47. f3 Bf6
48. Rh1 Ne7 49. Rhd1 h5 50. R1d6 Rxd6 51. Rxd6 Kf7 52. Rxb6 h4 53. Bxc5 Ng6 54.
Be3 Bd8 55. Rb7+ Kf6 56. b4 Nf8 57. Rb8 Ne6 58. b5 Be7 59. b6 Bc5 60. Bxc5 Nxc5
61. Rc8 Ne6 62. b7 1-0

[Event "European Blitz 2017"]
[Site "Katowice POL"]
[Date "2017.12.15"]
[Round "11.38"]
[White "Lewicki, Miroslaw"]
[Black "Pena Gomez, Manuel"]
[Result "1-0"]
[WhiteTitle "CM"]
[BlackTitle "IM"]
[WhiteElo "2404"]
[BlackElo "2491"]
[WhiteFideId "1113380"]
[BlackFideId "2252813"]
[EventDate "2017.12.15"]
[EventType "blitz"]

1. e4 e5 2. Nf3 Nc6 3. Nc3 Nf6 4. Bb5 Nd4 5. Bc4 Nxf3+ 6. Qxf3 Bc5 7. d3 O-O 8.
O-O c6 9. Bg5 d6 10. h3 a5 11. a4 Be6 12. Rad1 h6 13. Be3 Bd4 14. Ne2 Bxe3 15.
Qxe3 d5 16. exd5 cxd5 17. Bb3 Qc7 18. d4 exd4 19. Nxd4 Rfe8 20. Nb5 Qc6 21. Qf4
Re7 22. Rfe1 Rae8 23. Nd6 Rd8 24. Nf5 Ree8 25. Nxh6+ Kf8 26. Nf5 Bxf5 27. Qxf5
b6 28. Qf4 Qc5 29. Rxe8+ Rxe8 30. Qd4 Re1+ 31. Kh2 Rxd1 32. Qxd1 Qxf2 33. Bxd5
Qf4+ 34. Kh1 Nxd5 35. Qxd5 Qc1+ 36. Kh2 Qf4+ 37. g3 Qf2+ 38. Qg2 Qe1 39. b3 g6
40. h4 Kg7 41. c4 Qb1 42. Qf3 Qc2+ 43. Kh3 Qb1 44. g4 Kg8 45. h5 gxh5 46. gxh5
Kh7 47. Qxf7+ 1-0

[Event "European Blitz 2017"]
[Site "Katowice POL"]
[Date "2017.12.15"]
[Round "11.39"]
[White "Brazdzionis, Andrius"]
[Black "Sammalvuo, Tapani"]
[Result "1-0"]
[BlackTitle "IM"]
[WhiteElo "2293"]
[BlackElo "2416"]
[WhiteFideId "12804479"]
[BlackFideId "501115"]
[EventDate "2017.12.15"]
[EventType "blitz"]

1. d4 Nf6 2. Nf3 e6 3. c4 b6 4. a3 Ba6 5. Qc2 Bb7 6. Nc3 c5 7. e4 cxd4 8. Nxd4
Nc6 9. Nxc6 Bxc6 10. Be3 Ng4 11. Bf4 Qf6 12. Bg3 g5 13. Be2 h5 14. Bxg4 hxg4 15.
e5 Qg7 16. Ne4 Be7 17. O-O Qh7 18. Rfe1 Kf8 19. Qe2 Qf5 20. Rad1 Rc8 21. Nd6
Bxd6 22. Rxd6 Kg7 23. Rd4 Kg6 24. Rxg4 Rcg8 25. f4 Kh7 26. Rf1 Qe4 27. Qxe4+
Bxe4 28. fxg5 Bg6 29. Be1 Rc8 30. b3 Kg8 31. Bb4 a5 32. Be7 Bc2 33. b4 axb4 34.
axb4 Ra8 35. h4 Bf5 36. Rd4 Ra7 37. Bf6 Rh7 38. Rfd1 Rh5 39. Rxd7 Rxd7 40. Rxd7
Kh7 41. Rxf7+ Kg8 42. Rg7+ Kf8 43. g3 Rh7 44. g4 Bd3 45. Rxh7 Bxh7 46. c5 bxc5
47. bxc5 Ke8 48. h5 Be4 49. g6 1-0

[Event "European Blitz 2017"]
[Site "Katowice POL"]
[Date "2017.12.15"]
[Round "11.40"]
[White "Arnaudov, G. Petar"]
[Black "Krzywda, Andrzej"]
[Result "1-0"]
[WhiteTitle "GM"]
[WhiteElo "2439"]
[BlackElo "2171"]
[WhiteFideId "2907127"]
[BlackFideId "1114565"]
[EventDate "2017.12.15"]
[EventType "blitz"]

1. Nf3 Nf6 2. c4 e6 3. g3 d5 4. Bg2 dxc4 5. O-O a6 6. Qc2 b5 7. Ne1 Ra7 8. d3
cxd3 9. Nxd3 Nbd7 10. Be3 c5 11. Nxc5 Nxc5 12. Bxc5 Bxc5 13. Qxc5 Rc7 14. Qa3
Qe7 15. Qa5 O-O 16. Nc3 Rd8 17. Rac1 Rc4 18. b3 Rcd4 19. e3 Rd2 20. e4 Bb7 21.
e5 Nd5 22. Nxd5 Bxd5 23. Qxd2 Bxg2 24. Rfd1 Rxd2 25. Rc8+ Qf8 26. Rxf8+ Kxf8 27.
Rxd2 Bd5 28. Rc2 g5 29. Rc7 Kg7 30. Ra7 Kg6 31. Rxa6 Kf5 32. Ra7 Kxe5 33. Rxf7
b4 34. Rxh7 Kd4 35. Rc7 g4 36. Rg7 Bf3 37. Rf7 Kc3 38. Rf4 e5 39. Rc4+ Kb2 40.
Rxb4 Kxa2 41. Rb8 Ka3 42. b4 Ka4 43. b5 Ka5 44. Re8 Kxb5 45. Rxe5+ Kc4 46. Re3
Bd5 47. h4 gxh3 48. Kh2 Bg2 49. f4 Kd4 50. Re5 Bf1 51. Rh5 Ke3 52. Rxh3 Kf3 53.
Rh8 Kg4 54. Rg8+ Kf5 55. Rg5+ Kf6 56. Kg1 Be2 57. Kf2 Bd3 58. Ke3 Bc2 59. Ra5
Bb1 60. g4 Kg6 61. Ra6+ Kf7 62. Rb6 Bc2 63. f5 Kg7 64. Kf4 Kf7 65. g5 Kg7 66.
Rb7+ Kf8 67. Rc7 Bb1 68. g6 Kg8 69. Kg5 Ba2 70. f6 Kh8 71. Rc8+ Bg8 72. Rc7 Be6
73. Rh7+ Kg8 74. f7+ Kf8 75. Kf6 1-0

[Event "European Blitz 2017"]
[Site "Katowice POL"]
[Date "2017.12.15"]
[Round "11.42"]
[White "Stocek, Jiri"]
[Black "Golenia, Wojciech"]
[Result "1-0"]
[WhiteTitle "GM"]
[WhiteElo "2566"]
[BlackElo "1984"]
[WhiteFideId "304760"]
[BlackFideId "1175300"]
[EventDate "2017.12.15"]
[EventType "blitz"]

1. d4 f5 2. Nf3 Nf6 3. Bg5 e6 4. e3 Be7 5. Bd3 b6 6. Qe2 Bb7 7. O-O O-O 8. Bxf6
Bxf6 9. e4 fxe4 10. Bxe4 Nc6 11. c3 Qe7 12. Nbd2 d5 13. Bc2 e5 14. dxe5 Nxe5 15.
Rae1 Rae8 16. Nxe5 Qxe5 17. Bxh7+ Kh8 18. Qxe5 Rxe5 19. Rxe5 Bxe5 20. Bg6 Rf6
21. Bd3 Bf4 22. Nf3 Kg8 23. Re1 Kf8 24. h4 c5 25. Ng5 Bxg5 26. hxg5 Rf7 27. g3
Re7 28. Rxe7 Kxe7 29. f4 c4 30. Be2 Kd6 31. Kf2 Kc5 32. Ke3 b5 33. f5 b4 34. f6
gxf6 35. gxf6 bxc3 36. bxc3 Kd6 37. Kf4 Ke6 38. Kg5 Kf7 39. Kf5 Ba6 40. Ke5 Bb7
41. g4 Kg6 42. g5 Kf7 43. Bh5+ Kf8 44. g6 a5 45. g7+ Kg8 46. Bg4 Kh7 47. Be6 d4
48. g8=Q+ 1-0

[Event "European Blitz 2017"]
[Site "Katowice POL"]
[Date "2017.12.15"]
[Round "11.43"]
[White "Mazurkiewicz, Michal"]
[Black "Pulpan, Jakub"]
[Result "1-0"]
[BlackTitle "IM"]
[WhiteElo "2215"]
[BlackElo "2400"]
[WhiteFideId "1124943"]
[BlackFideId "302759"]
[EventDate "2017.12.15"]
[EventType "blitz"]

1. e4 c5 2. Nf3 d6 3. d4 cxd4 4. Nxd4 Nf6 5. Nc3 a6 6. g3 e5 7. Nde2 b5 8. Bg2
Bb7 9. h3 Nbd7 10. g4 b4 11. Nd5 Nxd5 12. exd5 Be7 13. Ng3 g6 14. Bh6 Bg5 15.
Bxg5 Qxg5 16. Ne4 Qe7 17. Qd2 a5 18. Qh6 f6 19. O-O Rc8 20. a3 Kf7 21. axb4 axb4
22. Ra7 Rc7 23. f4 exf4 24. Qxf4 Kg7 25. Nxd6 Rb8 26. Nf5+ gxf5 27. Qxc7 Bc8 28.
Qxb8 Qe3+ 29. Kh1 Kh6 30. Qf4+ Qxf4 31. Rxf4 Nb6 32. Rxb4 1-0